000 00624nam a22001937a 4500
005 20251108164220.0
008 250721s2001 xx 000 0 ara d
082 1 4 _a302,2/خطي
100 1 _aالخطيب، إبراهيم ياسين
245 1 0 _aأثر وسائل الإعلام على الطفل /
264 1 _aعمان :
_bمكتبة دار الثقافة،
_c2001.
300 _a158ص
650 1 7 _aوسائل الإتصال الجماهيري
650 1 7 _aالأطفال
700 1 _aعودة، محمد عبد الله
700 1 _aالزبادي، أحمد محمد
942 _2ddc
_cBK
999 _c6597
_d6597